| 000 | nam a22 a 4500 | ||
|---|---|---|---|
| 999 |
_c428263 _d428263 |
||
| 003 | BLK | ||
| 005 | 20210813080933.0 | ||
| 008 | 210623b bu |||||r|||| 00| 0 bu d | ||
| 040 | _aBLK | ||
| 041 |
_aBUL _cBUL |
||
| 080 |
_aРуска литература _b821.161.1 _x-32 _z821.161.1-32 |
||
| 100 |
_91299 _aГаршин, Всеволод Михайлович _eпърви автор |
||
| 139 |
_aГаршин, Всеволод Михайлович _bГ 23 |
||
| 245 |
_aХудожниците _bРазкази _cВсеволод Михайлович Гаршин |
||
| 260 |
_9217038 _aШумен _bПочивка _c1895 |
||
| 300 |
_a27, 24 с. _c22 см |
||
| 380 | _aX | ||
| 490 |
_9435080 _aКолекция Редки и ценни издания |
||
| 505 | _tСъдържа и: Отколешен портрет / Пол Бурже ; прев. от фр. Емилия П. Басан ; Амнистия. исп. разказ ; Детински празник и сватба / М. Достоевский . Славянските жени . Теодора (Сърбкиня) / Захер-Мозох; прев. от фр. | ||
| 852 |
_aРб 895 _bРц |
||
| 942 |
_cKNG _n0 _s1 |
||
| 944 |
_aCR _c2021-08-13 _kнр |
||